Premier League Appearances by Nationality: Australia - Statistics

General Stats
  • This quiz has been taken 9 times
  • The average score is 3 of 10
Answer Stats
Appearances Player % Correct
226 Tim Cahill
100%
274 Harry Kewell
50%
514 Mark Schwarzer
50%
96 Aaron Mooy
38%
124 Mathew Ryan
38%
247 Brett Emerton
13%
279 Lucas Neill
13%
240 Mark Viduka
13%
206 Mark Bosnich
0%
166 Stan Lazaridis
0%
No matching quizzes found
Score Distribution
Percent of People with Each Score
Percentile by Number Answered
Your Score History
You have not taken this quiz